[Event "Titled Tuesday intern op 08th Aug Late"]
[Site "Chess.com INT"]
[Date "2023.08.08"]
[Round "2"]
[White "Gasparyan, Davit"]
[Black "Zhong, Kevin"]
[Result "1-0"]
[WhiteElo "2157"]
[BlackElo "2238"]
[PlyCount "81"]
[EventDate "2023.08.08"]
[EventType "swiss (blitz)"]
[EventRounds "11"]
[EventCountry "USA"]
[SourceTitle "EXT 2024"]
[Source "ChessBase"]
[SourceDate "2023.10.10"]
[SourceVersion "1"]
[SourceVersionDate "2023.10.10"]
[SourceQuality "1"]

1. e4 c5 2. Nc3 d6 3. Nf3 Nc6 4. Bb5 e5 5. 0-0 a6 6. Bxc6+ bxc6 7. Na4 Nf6 8. Re1 Be7 9. c3 Bg4 10. h3 Bh5 11. b4 cxb4 12. cxb4 0-0 13. Bb2 Nd7 14. d4 Qc7 15. Rc1 exd4 16. Bxd4 Ne5 17. g4 Bg6 18. Rc3 a5 19. b5 c5 20. Nxe5 dxe5 21. Bxc5 Rfd8 22. Qb3 h5 23. Bb6 Qd7 24. Bxd8 Rxd8 25. Nb6 Qb7 26. Nd5 hxg4 27. hxg4 Bd6 28. Qc4 Qd7 29. Qe2 f6 30. Rd1 Bf7 31. a4 Be6 32. Rg3 Kf7 33. g5 f5 34. Qh5+ Kf8 35. g6 f4 36. Rg5 Be7 37. Rxe5 Bf6 38. Rxe6 Qxe6 39. Qh8+ Qg8 40. Qxg8+ Kxg8 41. Nxf6+ 1-0

[Event "Titled Tuesday intern op 25th Jul Early"]
[Site "Chess.com INT"]
[Date "2023.07.25"]
[Round "1"]
[White "Zhong, Kevin"]
[Black "Popilski, Gil"]
[Result "1-0"]
[WhiteElo "2143"]
[BlackElo "2443"]
[PlyCount "47"]
[EventDate "2023.07.25"]
[EventType "swiss (blitz)"]
[EventRounds "11"]
[EventCountry "USA"]
[SourceTitle "EXT 2024"]
[Source "ChessBase"]
[SourceDate "2023.10.10"]
[SourceVersion "1"]
[SourceVersionDate "2023.10.10"]
[SourceQuality "1"]

1. d4 Nf6 2. c4 e6 3. Nf3 Bb4+ 4. Bd2 a5 5. a3 Bxd2+ 6. Qxd2 a4 7. Nc3 d6 8. e4 Nc6 9. Bd3 Bd7 10. 0-0 e5 11. Bc2 exd4 12. Nxd4 0-0 13. f4 Na5 14. Qd3 Ng4 15. h3 Nh6 16. e5 g6 17. Nd5 dxe5 18. fxe5 Nf5 19. Nxf5 Bxf5 20. Rxf5 gxf5 21. Nf6+ Kh8 22. Qxf5 Qd4+ 23. Kh2 Qh4 24. Nh5 1-0

[Event "Titled Tuesday intern op 18th Jul Early"]
[Site "Chess.com INT"]
[Date "2023.07.18"]
[Round "6"]
[White "Dyachuk, Artem"]
[Black "Zhong, Kevin"]
[Result "1-0"]
[WhiteElo "2261"]
[BlackElo "2143"]
[PlyCount "35"]
[EventDate "2023.07.18"]
[EventType "swiss (blitz)"]
[EventRounds "11"]
[EventCountry "USA"]
[SourceTitle "EXT 2024"]
[Source "ChessBase"]
[SourceDate "2023.10.10"]
[SourceVersion "1"]
[SourceVersionDate "2023.10.10"]
[SourceQuality "1"]

1. e4 c6 2. d4 d5 3. e5 Bf5 4. Nf3 e6 5. Be2 c5 6. Be3 cxd4 7. Nxd4 Bg6 8. 0-0 Ne7 9. c4 Nbc6 10. Nxc6 bxc6 11. Nc3 Nf5 12. cxd5 Nxe3 13. Qa4 Nxd5 14. Qxc6+ Ke7 15. Qb7+ Nc7 16. Nb5 Rb8 17. Qxa7 Qd7 18. Qxb8 1-0

[Event "Titled Tuesday intern op 18th Jul Early"]
[Site "Chess.com INT"]
[Date "2023.07.18"]
[Round "10"]
[White "Vivaan, Vishal Shah"]
[Black "Zhong, Kevin"]
[Result "1-0"]
[WhiteElo "2047"]
[BlackElo "2143"]
[PlyCount "116"]
[EventDate "2023.07.18"]
[EventType "swiss (blitz)"]
[EventRounds "11"]
[EventCountry "USA"]
[SourceTitle "EXT 2024"]
[Source "ChessBase"]
[SourceDate "2023.10.10"]
[SourceVersion "1"]
[SourceVersionDate "2023.10.10"]
[SourceQuality "1"]

1. e4 c6 2. d4 d5 3. Bd3 dxe4 4. Bxe4 Nf6 5. Bf3 Bf5 6. Bf4 e6 7. Ne2 Bd6 8. Bxd6 Qxd6 9. c3 Nbd7 10. Nd2 0-0 11. 0-0 e5 12. Nc4 Qc7 13. Ng3 Be6 14. Nxe5 Nxe5 15. dxe5 Qxe5 16. Re1 Qc7 17. Qc2 Bd5 18. Bxd5 Nxd5 19. h3 Rfe8 20. Qd2 Qf4 21. Qxf4 Nxf4 22. Rxe8+ Rxe8 23. Rd1 Nd5 24. c4 Nf6 25. b3 g6 26. Kf1 Kg7 27. Rd6 Re7 28. Rd8 Rd7 29. Ra8 a6 30. Rb8 h5 31. Ke2 h4 32. Nf1 Ne4 33. Kf3 f5 34. Ne3 Rd2 35. Rxb7+ Kf6 36. Ng4+ fxg4+ 37. Kxe4 Rxf2 38. hxg4 Rxg2 39. Kf3 Rg3+ 40. Kf2 Rxg4 41. Rb6 h3 42. Rxc6+ Kg5 43. Rc8 Rh4 44. Kg1 h2+ 45. Kh1 Kf4 46. Rd8 g5 47. Rd4+ Kg3 48. Rxh4 Kxh4 49. Kxh2 Kg4 50. Kg2 Kf4 51. b4 Ke4 52. c5 Kd5 53. Kg3 Kc6 54. a3 Kb5 55. Kg4 a5 56. Kxg5 axb4 57. axb4 Kc6 58. Kf5 Kb5 1-0

[Event "Titled Tuesday intern op 11th Jul Late"]
[Site "Chess.com INT"]
[Date "2023.07.11"]
[Round "8"]
[White "Campos, Maria Jose"]
[Black "Zhong, Kevin"]
[Result "0-1"]
[WhiteElo "2212"]
[BlackElo "2143"]
[PlyCount "142"]
[EventDate "2023.07.11"]
[EventType "swiss (blitz)"]
[EventRounds "11"]
[EventCountry "USA"]
[SourceTitle "EXT 2024"]
[Source "ChessBase"]
[SourceDate "2023.10.10"]
[SourceVersion "1"]
[SourceVersionDate "2023.10.10"]
[SourceQuality "1"]

1. c4 e6 2. g3 d5 3. Bg2 Nf6 4. Nf3 Be7 5. 0-0 0-0 6. Qc2 d4 7. b3 c5 8. d3 Nc6 9. a3 e5 10. Bg5 h6 11. Bxf6 Bxf6 12. Nbd2 Be7 13. Rab1 f5 14. Rfe1 a5 15. e3 dxe3 16. Rxe3 Bf6 17. Rbe1 Be6 18. Nb1 Nd4 19. Nxd4 cxd4 20. R3e2 Rb8 21. b4 axb4 22. axb4 Qd6 23. c5 Qd7 24. Nd2 Bd5 25. Bxd5+ Qxd5 26. Qc4 Rfd8 27. Qxd5+ Rxd5 28. Ra1 b6 29. c6 Rc8 30. Rc1 b5 31. Nf3 Kf7 32. h4 Ke6 33. Ree1 Rd6 34. Rc5 e4 35. dxe4 fxe4 36. Rxe4+ Kf7 37. Ne1 d3 38. Nf3 d2 39. Nxd2 Rxd2 40. Kg2 Rd6 41. c7 Rd7 42. Rxb5 Rcxc7 43. Kh3 Rb7 44. Rxb7 Rxb7 45. g4 Be7 46. Rf4+ Kg8 47. Rf5 Rxb4 48. Re5 Bf6 49. Re6 Rb3+ 50. Kg2 Bxh4 51. Re4 Rb2 52. Rf4 Bg5 53. Rf5 Kh7 54. Rf3 Kg6 55. Rf5 Rb4 56. Kg3 Rxg4+ 57. Kxg4 h5+ 58. Kf3 Kxf5 59. Kg3 Bf4+ 60. Kh3 g5 61. Kg2 g4 62. f3 Ke5 63. Kf2 Kd4 64. Ke2 g3 65. Kf1 Ke3 66. Kg2 h4 67. Kh3 Kf2 68. Kg4 Bb8 69. Kh3 g2 70. f4 g1Q 71. f5 Qg3# 0-1

[Event "Titled Tuesday intern op 11th Jul Early"]
[Site "Chess.com INT"]
[Date "2023.07.11"]
[Round "1"]
[White "Harika, Dronavalli"]
[Black "Zhong, Kevin"]
[Result "1-0"]
[WhiteElo "2500"]
[BlackElo "2143"]
[PlyCount "133"]
[EventDate "2023.07.11"]
[EventType "swiss (blitz)"]
[EventRounds "11"]
[EventCountry "USA"]
[SourceTitle "EXT 2024"]
[Source "ChessBase"]
[SourceDate "2023.10.10"]
[SourceVersion "1"]
[SourceVersionDate "2023.10.10"]
[SourceQuality "1"]

1. Nf3 d5 2. g3 Bg4 3. Bg2 Nd7 4. 0-0 e6 5. h3 Bh5 6. d3 Ngf6 7. Nbd2 Be7 8. Nh4 0-0 9. g4 Bg6 10. e3 Ne8 11. Nxg6 hxg6 12. Qe2 c6 13. f4 a5 14. Nf3 Qb6 15. Rb1 Rc8 16. Bd2 Nd6 17. Kh1 c5 18. Be1 c4 19. d4 Ne4 20. c3 Ndf6 21. Kh2 Qc7 22. Nd2 b5 23. Rc1 b4 24. Nxe4 Nxe4 25. Kg1 bxc3 26. bxc3 Rb8 27. Bxe4 dxe4 28. Rc2 f5 29. Kg2 Kf7 30. g5 Rb5 31. h4 Rh8 32. Rh1 Rh5 33. Bg3 a4 34. Rb2 Rxb2 35. Qxb2 Rh8 36. Rb1 a3 37. Qb5 Bd6 38. Qa4 Rb8 39. Rxb8 Qxb8 40. Qxc4 Qb2+ 41. Bf2 Qd2 42. Qb3 Qe2 43. Qb7+ Be7 44. Qb3 Qf3+ 45. Kg1 Qg4+ 46. Kf1 Qh3+ 47. Ke1 Qf3 48. Qc2 Qh1+ 49. Kd2 Qg2 50. Kd1 Qf1+ 51. Be1 Qc4 52. Qe2 Qa4+ 53. Qc2 Qc4 54. Qe2 Qa4+ 55. Kc1 Qa5 56. c4 Bb4 57. Bxb4 Qxb4 58. Qd2 Qxc4+ 59. Qc2 Qf1+ 60. Kd2 Qf2+ 61. Kd1 Qxe3 62. Qc7+ Kg8 63. Qc8+ Kh7 64. Qxe6 Qxd4+ 65. Kc1 Qb2+ 66. Kd1 Qxa2 67. Qxa2 1-0

[Event "Titled Tuesday intern op 11th Jul Late"]
[Site "Chess.com INT"]
[Date "2023.07.11"]
[Round "2"]
[White "Zhong, Kevin"]
[Black "Antunez, Soler Luis"]
[Result "0-1"]
[WhiteElo "2143"]
[BlackElo "2200"]
[PlyCount "82"]
[EventDate "2023.07.11"]
[EventType "swiss (blitz)"]
[EventRounds "11"]
[EventCountry "USA"]
[SourceTitle "EXT 2024"]
[Source "ChessBase"]
[SourceDate "2023.10.10"]
[SourceVersion "1"]
[SourceVersionDate "2023.10.10"]
[SourceQuality "1"]

1. d4 d5 2. c4 c6 3. Nc3 Nf6 4. e3 e6 5. Nf3 Nbd7 6. Be2 Bd6 7. 0-0 0-0 8. b3 Qe7 9. Bb2 Re8 10. Bd3 dxc4 11. bxc4 e5 12. c5 Bc7 13. Bc4 e4 14. Ng5 Rf8 15. Qb3 Bxh2+ 16. Kh1 Bc7 17. Bxf7+ Rxf7 18. Nxf7 Qxf7 19. Qxf7+ Kxf7 20. f3 exf3 21. gxf3 b6 22. cxb6 Nxb6 23. e4 Nc4 24. Bc1 Bb6 25. Rd1 Ba6 26. e5 Nd5 27. Ne4 h6 28. f4 Ke6 29. Ng3 Nce3 30. Bxe3 Nxe3 31. Rd2 Rf8 32. Re1 Ba5 33. Rxe3 Bxd2 34. f5+ Kd5 35. Ra3 Bb5 36. e6 a5 37. Kg2 Kxd4 38. Rf3 c5 39. Nh5 Bc6 40. Nxg7 Bxf3+ 41. Kxf3 Bg5 0-1

[Event "Titled Tuesday intern op 11th Jul Early"]
[Site "Chess.com INT"]
[Date "2023.07.11"]
[Round "4"]
[White "Zhong, Kevin"]
[Black "Ljukin, Sergei"]
[Result "1-0"]
[WhiteElo "2143"]
[BlackElo "2362"]
[PlyCount "53"]
[EventDate "2023.07.11"]
[EventType "swiss (blitz)"]
[EventRounds "11"]
[EventCountry "USA"]
[SourceTitle "EXT 2024"]
[Source "ChessBase"]
[SourceDate "2023.10.10"]
[SourceVersion "1"]
[SourceVersionDate "2023.10.10"]
[SourceQuality "1"]

1. d4 d5 2. c4 c6 3. Nc3 Nf6 4. Nf3 dxc4 5. e3 b5 6. a4 b4 7. Na2 a5 8. Bxc4 e6 9. 0-0 Bb7 10. Qe2 Nbd7 11. b3 c5 12. Bb2 Be7 13. Nc1 0-0 14. Nd3 Ne4 15. Rac1 Qb6 16. Rfd1 Ba6 17. Nde5 Nxe5 18. Nxe5 Bxc4 19. Rxc4 Rad8 20. Rdc1 f6 21. Nd3 cxd4 22. Bxd4 Qd6 23. Rc6 Qd5 24. Nf4 Qxb3 25. Nxe6 Qxa4 26. Qg4 Nc3 27. Qxg7# 1-0

[Event "Titled Tuesday intern op 27th Jun Late"]
[Site "Chess.com INT"]
[Date "2023.06.27"]
[Round "1"]
[White "Goltsev, Dmitry"]
[Black "Zhong, Kevin"]
[Result "1-0"]
[WhiteElo "2269"]
[BlackElo "2156"]
[PlyCount "57"]
[EventDate "2023.06.27"]
[EventType "swiss (blitz)"]
[EventRounds "11"]
[EventCountry "USA"]
[SourceTitle "EXT 2024"]
[Source "ChessBase"]
[SourceDate "2023.10.10"]
[SourceVersion "1"]
[SourceVersionDate "2023.10.10"]
[SourceQuality "1"]

1. e4 c5 2. Nf3 Nc6 3. d4 cxd4 4. Nxd4 Nf6 5. Nc3 d6 6. Be2 g6 7. 0-0 Bg7 8. Be3 0-0 9. f4 Bd7 10. Bf3 Nxd4 11. Bxd4 Bc6 12. Qe2 Nd7 13. Bxg7 Kxg7 14. Kh1 Rc8 15. Rad1 Qb6 16. b3 Nc5 17. e5 Bxf3 18. Rxf3 dxe5 19. Qxe5+ Qf6 20. Qxf6+ exf6 21. Nd5 Rfe8 22. c4 Rcd8 23. Kg1 Re2 24. Rf2 Re6 25. Rfd2 Ne4 26. Rd4 f5 27. Nc7 Re7 28. Rxd8 Rxc7 29. R1d7 1-0

[Event "Titled Tuesday intern op 27th Jun Early"]
[Site "Chess.com INT"]
[Date "2023.06.27"]
[Round "1"]
[White "Zhong, Kevin"]
[Black "Ernst, Sipke"]
[Result "0-1"]
[WhiteElo "2156"]
[BlackElo "2539"]
[PlyCount "106"]
[EventDate "2023.06.27"]
[EventType "swiss (blitz)"]
[EventRounds "11"]
[EventCountry "USA"]
[SourceTitle "EXT 2024"]
[Source "ChessBase"]
[SourceDate "2023.10.10"]
[SourceVersion "1"]
[SourceVersionDate "2023.10.10"]
[SourceQuality "1"]

1. d4 Nf6 2. c4 g6 3. Nc3 Bg7 4. e4 0-0 5. Nf3 d6 6. Be2 Nfd7 7. Be3 a5 8. 0-0 Nc6 9. d5 Nb4 10. Nd4 c5 11. dxc6 Nxc6 12. Nd5 Nc5 13. f3 Nxd4 14. Bxd4 Bxd4+ 15. Qxd4 e5 16. Qe3 Be6 17. Rfd1 Bxd5 18. Rxd5 Qe7 19. Rad1 Ra6 20. Qd2 Ne6 21. Rxd6 Rxd6 22. Qxd6 Qg5 23. Qd2 Qe7 24. Qxa5 Nd4 25. Bf1 f5 26. exf5 gxf5 27. Qd2 Kh8 28. Re1 Qc5 29. Qe3 Re8 30. f4 e4 31. b4 Qb6 32. Qc3 Qf6 33. Kh1 Re6 34. c5 Kg7 35. Bc4 Re7 36. Rd1 Nc6 37. Qxf6+ Kxf6 38. a3 e3 39. Kg1 Re4 40. Bd5 Rxf4 41. Bxc6 bxc6 42. g3 Rc4 43. Kf1 Ke5 44. Ke2 Ke4 45. Rd6 Rc2+ 46. Ke1 Kf3 47. Rd3 Rc1+ 48. Rd1 Rxd1+ 49. Kxd1 Kf2 50. b5 e2+ 51. Kc2 e1Q 52. bxc6 Qa5 53. Kd3 Qxc5 0-1

[Event "Titled Tuesday intern op 20th Jun Late"]
[Site "Chess.com INT"]
[Date "2023.06.20"]
[Round "2"]
[White "Hernando Rodrigo, Julio Antonio"]
[Black "Zhong, Kevin"]
[Result "1-0"]
[WhiteElo "2240"]
[BlackElo "2156"]
[PlyCount "67"]
[EventDate "2023.06.20"]
[EventType "swiss (blitz)"]
[EventRounds "11"]
[EventCountry "USA"]
[SourceTitle "EXT 2024"]
[Source "ChessBase"]
[SourceDate "2023.10.10"]
[SourceVersion "1"]
[SourceVersionDate "2023.10.10"]
[SourceQuality "1"]

1. d4 d5 2. c4 e6 3. Nf3 Nf6 4. g3 Be7 5. Bg2 0-0 6. 0-0 c6 7. Qc2 b6 8. Nc3 Ba6 9. b3 Nbd7 10. Rd1 Rc8 11. e4 dxc4 12. bxc4 Bxc4 13. e5 Nd5 14. Ne4 Ba6 15. Bg5 h6 16. Bxe7 Qxe7 17. Nd6 Rc7 18. Qa4 Bb5 19. Qb3 Rb8 20. Rac1 Ba6 21. Nd2 c5 22. Bxd5 exd5 23. Qxd5 Bb7 24. Nxb7 Rbxb7 25. Ne4 cxd4 26. Nd6 Rxc1 27. Rxc1 Rb8 28. f4 Rd8 29. Rc7 Qe6 30. Qxd4 Nc5 31. Rxa7 Rd7 32. Ra8+ Kh7 33. f5 Qxa2 34. Rxa2 1-0

[Event "Titled Tuesday intern op 20th Jun Late"]
[Site "Chess.com INT"]
[Date "2023.06.20"]
[Round "3"]
[White "Negron Lizarazo, Juan Sebastian"]
[Black "Zhong, Kevin"]
[Result "0-1"]
[WhiteElo "1555"]
[BlackElo "2156"]
[PlyCount "58"]
[EventDate "2023.06.20"]
[EventType "swiss (blitz)"]
[EventRounds "11"]
[EventCountry "USA"]
[SourceTitle "EXT 2024"]
[Source "ChessBase"]
[SourceDate "2023.10.10"]
[SourceVersion "1"]
[SourceVersionDate "2023.10.10"]
[SourceQuality "1"]

1. e4 c5 2. Nc3 Nc6 3. g3 g6 4. Bg2 Bg7 5. d3 e6 6. Be3 Nd4 7. Qd2 Ne7 8. Nf3 d5 9. 0-0 Nxf3+ 10. Bxf3 d4 11. Bh6 dxc3 12. bxc3 0-0 13. Bxg7 Kxg7 14. h4 Nc6 15. h5 e5 16. Kg2 h6 17. Rh1 g5 18. Be2 f5 19. Rag1 fxe4 20. Qe3 exd3 21. Bxd3 Bf5 22. Bxf5 Rxf5 23. Qxc5 Qe7 24. Qe3 Raf8 25. Rf1 e4 26. g4 Rf3 27. Qe2 Qe6 28. Rhg1 Qxg4+ 29. Kh2 Rh3# 0-1

[Event "Titled Tuesday intern op 30th May Late"]
[Site "Chess.com INT"]
[Date "2023.05.30"]
[Round "1"]
[White "Zhong, Kevin"]
[Black "Melikyan, Gnel"]
[Result "0-1"]
[WhiteElo "2156"]
[BlackElo "2238"]
[PlyCount "66"]
[EventDate "2023.05.30"]
[EventType "swiss (blitz)"]
[EventRounds "11"]
[EventCountry "USA"]
[SourceTitle "CBM 214 Extra"]
[Source "ChessBase"]
[SourceDate "2023.07.31"]
[SourceVersion "1"]
[SourceVersionDate "2023.07.31"]
[SourceQuality "1"]

1. d4 Nf6 2. c4 e6 3. Nf3 b6 4. g3 Ba6 5. b3 Bb4+ 6. Bd2 Be7 7. Bg2 Bb7 8. 0-0 0-0 9. Nc3 d5 10. cxd5 Nxd5 11. Nxd5 Bxd5 12. Qc2 Nd7 13. Bf4 Rc8 14. e4 Bb7 15. Rad1 h6 16. Ne5 Nxe5 17. Bxe5 Bd6 18. f4 Qe7 19. Qb2 Rfd8 20. d5 Bxe5 21. fxe5 exd5 22. exd5 Bxd5 23. Bxd5 Qc5+ 24. Qf2 Rxd5 25. Qxc5 Rxc5 26. Rd7 Rf8 27. Re7 Rc2 28. Rf2 Rxf2 29. Kxf2 Rc8 30. Ke3 Kf8 31. Rd7 Ke8 32. Rd5 Rd8 33. Rb5 a5 0-1

[Event "Titled Tuesday intern op 30th May Late"]
[Site "Chess.com INT"]
[Date "2023.05.30"]
[Round "4"]
[White "Zhong, Kevin"]
[Black "Odegov, Artem"]
[Result "1/2-1/2"]
[WhiteElo "2156"]
[BlackElo "2261"]
[PlyCount "160"]
[EventDate "2023.05.30"]
[EventType "swiss (blitz)"]
[EventRounds "11"]
[EventCountry "USA"]
[SourceTitle "CBM 214 Extra"]
[Source "ChessBase"]
[SourceDate "2023.07.31"]
[SourceVersion "1"]
[SourceVersionDate "2023.07.31"]
[SourceQuality "1"]

1. d4 c5 2. d5 Nf6 3. c4 e5 4. Nc3 d6 5. e4 Be7 6. Be2 0-0 7. Be3 Nbd7 8. g4 a6 9. g5 Ne8 10. h4 b5 11. cxb5 axb5 12. Bxb5 Rb8 13. Nge2 Qa5 14. a4 Nc7 15. Ng3 Nb6 16. 0-0 f6 17. Qh5 g6 18. Qh6 Rf7 19. gxf6 Bxf6 20. h5 Bg7 21. Qg5 h6 22. Qd8+ Kh7 23. hxg6+ Kxg6 24. Qxd6+ Kh7 25. Nh5 Bh3 26. Nxg7 Rxg7+ 27. Kh2 Bxf1 28. Rxf1 Nc8 29. Qxh6+ Kg8 30. Rg1 Rxg1 31. Kxg1 Qb6 32. Qg5+ Kf7 33. Qxe5 Nd6 34. Bg5 Ndxb5 35. Qe7+ Kg6 36. axb5 Re8 37. Qd7 Kxg5 38. Qf5+ Kh6 39. Qh3+ Kg7 40. Kf1 c4 41. Qg3+ Kf7 42. Qf4+ Kg8 43. Qg3+ Kf8 44. Qf4+ Ke7 45. e5 Kd8 46. e6 Nxb5 47. Qf7 Qc7 48. Nxb5 Qxf7 49. exf7 Rf8 50. Nd6 Ke7 51. Nxc4 Kxf7 52. Ke2 Ke7 53. Kd3 Rxf2 54. Kc3 Kd7 55. Kd4 Rh2 56. Kc5 Rh1 57. b4 Rc1 58. b5 Kc7 59. b6+ Kb7 60. d6 Rd1 61. Ne5 Rc1+ 62. Nc4 Rd1 63. Kb5 Rd5+ 64. Kb4 Kc6 65. d7 Kxd7 66. Kc3 Kc6 67. Kb4 Rh5 68. Kb3 Kb7 69. Kb4 Rh4 70. Kb3 Rh5 71. Kb4 Kc6 72. Kb3 Rh4 73. Kb4 Rf4 74. Kb3 Kc5 75. b7 Rf3+ 76. Ka4 Rf8 77. Ne5 Rf4+ 78. Ka5 Rb4 79. Nd7+ Kc6 80. Kxb4 Kxb7 1/2-1/2